[Event "POL-chT3"]
[Site "Jastrzebia Gora POL"]
[Date "2015.??.??"]
[Round "4.43"]
[White "Suliborski, Jakub"]
[Black "Wandzik, Wojciech"]
[Result "0-1"]
[WhiteElo "2071"]
[BlackElo "2360"]
[EventDate "2015.??.??"]
[WhiteTitle "I++"]
[BlackTitle "m"]

1.d4 Nf6 2.Nf3 d5 3.Bf4 e6 4.Nbd2 Be7 5.e3 O-O 6.Bd3 c5 7.c3 Nc6 8.O-O Nh5
9.Ne5 Nxf4 10.exf4 cxd4 11.Nxc6 bxc6 12.cxd4 Qd6 13.g3 c5 14.Qc2 c4 15.
Bxh7+ Kh8 16.Nf3 g6 17.Bxg6 fxg6 18.Qxg6 Bf6 19.Qh6+ Kg8 20.Qg6+ Kh8 21.
Qh6+ Kg8 22.Qg6+ Bg7 23.Ng5 Rf6 24.Qh7+ Kf8 25.Qh5 Rf5 26.Rae1 Bxd4 27.Qg6
Rxg5 28.fxg5 Rb8 29.Re2 Rxb2 30.Rxb2 Bxb2 31.h4 Bd4 32.Kg2 Qe5 33.Rb1 Qg7 
34.Qc2 Bb6 35.g6 Bb7 36.Kh2 Qf6 37.a4 Qf3 38.Qd2 Kg7 39.Rxb6 axb6 40.Qd4+ 
Kxg6 41.Qxb6 Qf7 42.Qb1+ Kh6 43.Qc1+ Kh7 44.f4 Bc6 45.a5 Qf5 46.Qc3 d4 47.
Qxd4 Qc2+ 48.Kh3 Bg2+ 0-1

[Event "POL-chT3"]
[Site "Jastrzebia Gora POL"]
[Date "2015.??.??"]
[Round "4.44"]
[White "Mroziak, Maciej"]
[Black "Kowalec, Maciej"]
[Result "1-0"]
[WhiteElo "2338"]
[BlackElo "2005"]
[EventDate "2015.??.??"]
[WhiteTitle "m"]
[BlackTitle "k"]

1.e4 g6 2.d4 Bg7 3.Nf3 d6 4.c3 c6 5.h3 Nd7 6.Bd3 d5 7.exd5 cxd5 8.Bf4 Ngf6
9.Nbd2 Qb6 10.Qc2 Qe6+ 11.Kf1 Qb6 12.Re1 Nf8 13.c4 Ne6 14.c5 Qd8 15.Be5 
Bd7 16.b4 a6 17.a4 O-O 18.Nb1 Nh5 19.Bxg7 Nexg7 20.g3 Nf6 21.Nc3 Bf5 22.
Kg2 e6 23.Rb1 Qc7 24.Rb2 b6 25.Qe2 Bxd3 26.Qxd3 Rfc8 27.Ne5 Nfe8 28.Rc1 f6
29.Nf3 Qb7 30.Nd1 Qd7 31.b5 axb5 32.Qxb5 Qxb5 33.axb5 Nd6 34.Nd2 Ra5 35.
Nb3 Nc4 36.Rxc4 dxc4 37.Nxa5 bxa5 38.b6 a4 39.b7 Rb8 40.c6 1-0

[Event "POL-chT3"]
[Site "Jastrzebia Gora POL"]
[Date "2015.??.??"]
[Round "4.45"]
[White "Parol, Pawel"]
[Black "Lizak, Jakub"]
[Result "1-0"]
[WhiteElo "2039"]
[BlackElo "2113"]
[EventDate "2015.??.??"]
[WhiteTitle "I++"]
[BlackTitle "k"]

1.Nf3 Nf6 2.g3 g6 3.Bg2 Bg7 4.c4 O-O 5.Nc3 d5 6.cxd5 Nxd5 7.O-O Nb6 8.d3 
h6 9.Be3 Nc6 10.Qd2 Kh7 11.Rfc1 e5 12.Bc5 Re8 13.Rab1 Bg4 14.b4 a6 15.a4 
a5 16.b5 Nd4 17.Ne1 Bc8 18.Nc2 Rb8 19.Ne3 Nd7 20.Ba3 b6 21.Bd5 Bf8 22.Bxf8
Rxf8 23.Ng4 g5 24.e3 Nf5 25.Be4 Nc5 26.Nxe5 Nxe4 27.Nxe4 Bb7 28.Nc6 Bxc6 
29.Rxc6 Ne7 30.Nf6+ Kg6 31.Rbc1 Nxc6 32.Rxc6 Qxf6 33.Rxf6+ Kxf6 34.Qc3+ 
Ke6 35.Qc6+ Ke7 36.Qxc7+ Ke6 37.Qc6+ Ke7 38.Qxh6 Rg8 39.Qc6 Rgc8 40.Qe4+ 
Kf6 41.g4 Rg8 42.Qf5+ Ke7 43.Qe5+ Kd7 44.Qf6 Rgf8 45.d4 Rfe8 46.Qxf7+ Kd6 
47.Qg6+ Kd7 48.e4 Re6 49.Qf7+ Re7 50.Qd5+ Kc8 51.Qxg5 1-0

[Event "POL-chT3"]
[Site "Jastrzebia Gora POL"]
[Date "2015.??.??"]
[Round "4.46"]
[White "Duda, Lukasz"]
[Black "Jozwik, Jacek"]
[Result "1-0"]
[WhiteElo "2153"]
[BlackElo "2012"]
[EventDate "2015.??.??"]
[WhiteTitle "I++"]
[BlackTitle "I"]

1.e4 c5 2.Nc3 Nc6 3.g3 g6 4.d3 Bg7 5.Bg2 d6 6.Be3 Rb8 7.Qd2 b5 8.Nd1 b4 9.
h3 Qa5 10.Ne2 Nd4 11.O-O h5 12.f4 f5 13.Bf2 e6 14.exf5 gxf5 15.Ne3 Nxe2+ 
16.Qxe2 Kf7 17.Rfe1 Bd7 18.a3 Qc7 19.Nc4 b3 20.c3 Nf6 21.d4 cxd4 22.Bxd4 
Rb5 23.Rad1 Ne8 24.Qd3 Rh7 25.Bxg7 Rxg7 26.Nxd6+ Nxd6 27.Qxd6 Qxd6 28.Rxd6
Ke7 29.Ra6 Rxg3 30.Rxa7 Rd5 31.Kf2 Rdd3 32.Rb7 h4 33.Re2 Kd6 34.Rxb3 Ba4 
35.Rb6+ Kc5 36.Rbxe6 Bd1 37.R2e5+ Kc4 38.Bf1 Rf3+ 39.Ke1 Rxf1+ 40.Kxf1 
Rxh3 41.Re3 Rh2 42.Re2 Bxe2+ 43.Rxe2 Rh1+ 44.Kg2 Rb1 45.Kh3 Kd3 46.Re5 
Rxb2 47.Kxh4 Rb3 48.a4 Rxc3 49.Kg5 Rc4 50.a5 Re4 51.Kxf5 Ra4 52.Kg5 Kd4 
53.Re1 Rxa5+ 54.f5 Kd5 55.Kg6 Kd6 56.f6 Ra2 57.f7 Rg2+ 58.Kf6 Rf2+ 59.Kg7 
Rg2+ 60.Kf8 Ra2 61.Rf1 Ke6 62.Kg7 Rg2+ 63.Kh6 Rh2+ 64.Kg5 Kd5 1-0

[Event "POL-chT3"]
[Site "Jastrzebia Gora POL"]
[Date "2015.??.??"]
[Round "4.47"]
[White "Suliborski, Artur"]
[Black "Dudys, Jakub"]
[Result "1/2-1/2"]
[WhiteElo "1884"]
[BlackElo "2115"]
[EventDate "2015.??.??"]
[WhiteTitle "I"]
[BlackTitle "I++"]

1.e4 c5 2.Nf3 e6 3.d4 cxd4 4.Nxd4 a6 5.Be3 Nf6 6.Nc3 Qc7 7.a3 b5 8.Bd3 Bb7
9.O-O Be7 10.Kh1 d5 11.exd5 Nxd5 12.Nxd5 Bxd5 13.Qg4 Bf6 14.Be4 Qe5 15.
Bxd5 Qxd5 16.Rfd1 O-O 17.a4 bxa4 18.Nf3 Qc6 19.c3 Qb7 20.Bg5 Bxg5 21.Nxg5 
h6 22.Qe4 Qxe4 23.Nxe4 Nc6 24.Rxa4 a5 25.Kg1 Rab8 26.Rc4 Rfc8 27.Nd6 Rc7 
28.Rd2 Kf8 29.Kf1 Ke7 30.Ke2 f5 31.Rc5 a4 32.Nc4 Rcc8 33.Nd6 Nd4+ 34.cxd4 
Kxd6 35.Ra5 Rb4 36.d5 Rcb8 37.dxe6+ Kxe6 38.Ra6+ R8b6 39.Rxb6+ Rxb6 40.f3 
g5 41.Kd1 Ke5 42.Ke2 h5 43.Kf2 h4 44.h3 Rb4 45.Ke3 Rb3+ 46.Kf2 Rb4 47.Ke3 
Rb3+ 1/2-1/2

[Event "POL-chT3"]
[Site "Jastrzebia Gora POL"]
[Date "2015.??.??"]
[Round "4.48"]
[White "Szydlowska-Duda, Marta"]
[Black "Murawko, Katarzyna"]
[Result "1-0"]
[WhiteElo "1990"]
[BlackElo "1977"]
[EventDate "2015.??.??"]
[WhiteTitle "k"]
[BlackTitle "k"]

1.d4 c5 2.d5 d6 3.e4 g6 4.Nc3 Bg7 5.Nf3 a6 6.a4 Nd7 7.Bd3 Ngf6 8.O-O O-O 
9.Re1 h6 10.Bd2 Ne8 11.Qc1 Kh7 12.Ne2 Nc7 13.Nf4 Ne5 14.Be2 b6 15.Ra3 e6 
16.c4 exd5 17.Nxd5 Nxd5 18.cxd5 f5 19.Bd1 fxe4 20.Rxe4 Bf5 21.Ree3 Ng4 22.
Re2 Nf6 23.Nh4 Nxd5 24.Nxf5 gxf5 25.Rh3 Qf6 26.Bb3 c4 27.Qxc4 Rac8 28.Qxd5
Qxb2 29.Qxd6 Rf6 30.Qd7 Rcc6 31.Qd8 Rf8 32.Qd7 Rff6 33.Bxh6 Qb1+ 34.Bc1+ 
Rh6 35.Qxc6 1-0

[Event "POL-chT3"]
[Site "Jastrzebia Gora POL"]
[Date "2015.??.??"]
[Round "4.49"]
[White "Kaczmarek, Aleksander"]
[Black "Sadowski, Miroslaw"]
[Result "1-0"]
[WhiteElo "2294"]
[BlackElo "2106"]
[EventDate "2015.??.??"]
[WhiteTitle "FM"]
[BlackTitle "k"]

1.e4 d6 2.d4 Nf6 3.Bd3 e5 4.c3 Nc6 5.Nf3 Bg4 6.d5 Ne7 7.h3 Bd7 8.c4 Ng6 9.
Nc3 Be7 10.Be3 O-O 11.g4 c6 12.a4 Ne8 13.a5 c5 14.a6 b6 15.Qd2 Nc7 16.Ne2 
Nh4 17.Nxh4 Bxh4 18.Ng1 Be7 19.f4 exf4 20.Bxf4 b5 21.Nf3 Rb8 22.b3 bxc4 
23.bxc4 Rb6 24.O-O f6 25.Kh2 Nxa6 26.Rf2 Qc7 27.Rg1 Nb4 28.Bb1 g5 29.Be3 
Kg7 30.Rgf1 Rbb8 31.h4 h6 32.hxg5 hxg5 33.Kg3 Rh8 34.Nxg5 Rbf8 35.Nf3 Bc8 
36.Nh4 Qd8 37.Rh2 Rfg8 38.Ng6 Kxg6 39.e5+ Kf7 40.e6+ Kf8 41.Bh6+ Ke8 42.
Bg7 Rxg7 43.Rxh8+ Bf8 44.Qh6 Qe7 45.Rxf6 1-0

[Event "POL-chT3"]
[Site "Jastrzebia Gora POL"]
[Date "2015.??.??"]
[Round "4.50"]
[White "Pazderski, Ziemowit"]
[Black "Bakalarz, Leszek"]
[Result "1-0"]
[WhiteElo "2249"]
[BlackElo "2124"]
[EventDate "2015.??.??"]
[WhiteTitle "k+"]
[BlackTitle "FM"]

1.d4 Nf6 2.c4 c5 3.d5 e6 4.Nc3 exd5 5.cxd5 d6 6.Nf3 g6 7.Bf4 Bg7 8.Qa4+ 
Bd7 9.Qb3 Qc7 10.h3 O-O 11.e3 Nh5 12.Bh2 f5 13.Be2 Nf6 14.Nd2 Rd8 15.O-O 
Be8 16.Nc4 Bf8 17.Bf3 Na6 18.Rfe1 Rab8 19.a4 Nb4 20.Rad1 b6 21.e4 fxe4 22.
Nxe4 Nxe4 23.Rxe4 Bf7 24.Ne3 Re8 25.Rf4 Bg7 26.Bg4 Qe7 27.Rxf7 Kxf7 28.
Be6+ Kf8 29.Nc4 Rbd8 30.Qf3+ Qf6 31.Bxd6+ Rxd6 32.Qxf6+ Bxf6 33.Nxd6 Rd8 
34.Nc4 Bd4 35.d6 a6 36.d7 b5 37.axb5 axb5 38.Nd6 Ke7 39.Nb7 Kxe6 40.Nxd8+ 
Kxd7 41.Nf7 Ke7 42.Ng5 Bxb2 43.Rb1 Nd3 44.Kf1 c4 45.Ke2 b4 46.Nf3 Nf4+ 47.
Kd1 Ba3 48.Ne5 Nd5 49.Kd2 c3+ 50.Kc2 Nf4 51.Nc6+ Kf6 52.Nxb4 Nxg2 53.Nd5+ 
Ke5 54.Rb5 Kd4 55.Nxc3 Nf4 56.Rb7 Bc5 57.Rxh7 Ke5 58.f3 Ne6 59.Ne2 Kf6 60.
Ng3 Bf8 61.Rh4 1-0

[Event "POL-chT3"]
[Site "Jastrzebia Gora POL"]
[Date "2015.??.??"]
[Round "4.51"]
[White "Harazinska, Ewa"]
[Black "Maciaga, Marcin"]
[Result "1-0"]
[WhiteElo "2055"]
[BlackElo "2101"]
[EventDate "2015.??.??"]
[WhiteTitle "WFM"]
[BlackTitle "k+"]

1.d4 Nf6 2.c4 e6 3.Nc3 Bb4 4.Qc2 d5 5.cxd5 exd5 6.Bg5 h6 7.Bh4 c5 8.dxc5 
g5 9.Bg3 Ne4 10.e3 Qa5 11.Ne2 Bf5 12.Be5 f6 13.Bxb8 Rxb8 14.Nd4 Bh7 15.Bd3
Bxc3+ 16.bxc3 Qxc3+ 17.Qxc3 Nxc3 18.Kd2 Bxd3 19.Kxc3 Be4 20.f3 Bg6 21.Nb5 
Kd7 22.Nxa7 Rhe8 23.Rhe1 Ra8 24.Nb5 Ra4 25.Kb3 Rh4 26.h3 h5 27.Nd4 g4 28.
Rad1 Kc7 29.hxg4 hxg4 30.c6 bxc6 31.Rc1 Rb8+ 32.Ka3 gxf3 33.Rxc6+ Kd7 34.
Rxf6 fxg2 35.Rxg6 Rh1 36.Nf3 Rf1 37.Ne5+ Ke7 38.Nd3 Rf6 39.Rxf6 Kxf6 40.
Nf4 Rg8 41.Rg1 d4 42.Rxg2 Ra8+ 43.Kb3 Kf5 44.Re2 Ke4 45.exd4+ Kxd4 46.Ne6+
Kd3 47.Re5 Rb8+ 48.Ka4 Kc3 49.a3 Kb2 50.Nd4 Kc3 51.Nb5+ Kc4 52.Nd6+ Kc3 
53.Rc5+ Kd4 54.Rc1 Kd5 55.Nb5 Rh8 56.Ka5 Ra8+ 57.Kb6 Rb8+ 58.Ka6 Ra8+ 59.
Kb7 Rh8 60.a4 1-0

[Event "POL-chT3"]
[Site "Jastrzebia Gora POL"]
[Date "2015.??.??"]
[Round "4.52"]
[White "Szustakowski, Antoni"]
[Black "Jedras, Piotr"]
[Result "1-0"]
[WhiteElo "2030"]
[BlackElo "2030"]
[EventDate "2015.??.??"]
[WhiteTitle "I"]
[BlackTitle "I+"]

1.Nf3 c5 2.c4 Nc6 3.d4 cxd4 4.Nxd4 g6 5.e4 Bg7 6.Be3 d6 7.Nc3 Nf6 8.Be2 
O-O 9.O-O Nxd4 10.Bxd4 Be6 11.Rc1 Qa5 12.f4 Rfc8 13.b3 Bd7 14.e5 Ne8 15.
Nd5 Bf8 16.Bc3 Qd8 17.exd6 Nxd6 18.Qd4 f6 19.Rfd1 Nf5 20.Nxf6+ exf6 21.
Qd5+ Kh8 22.Qxd7 Qb6+ 23.Kh1 Bg7 24.Bf3 Rab8 25.Re1 Qf2 26.Qd2 Qh4 27.Kg1 
Rd8 28.Bd5 b5 29.Qf2 Qh5 30.Re6 bxc4 31.bxc4 Rf8 32.h3 g5 33.Qxa7 gxf4 34.
Bxf6 Rb2 35.Bxg7+ Nxg7 36.Qd4 Rxa2 37.Re7 Qg5 38.Qe5 Qg6 39.Rf1 Qg3 40.
Rxf4 Rg8 41.Rxg7 Qxg7 42.Qxg7+ Kxg7 43.Rg4+ Kh6 44.Rxg8 Rc2 45.Rc8 Kg5 46.
c5 h5 47.c6 Kh4 48.c7 Rc5 49.Kh2 Rc2 50.Be4 Rc4 51.g3+ Kg5 52.Rg8+ Kh6 53.
c8=Q Rxe4 54.Qc6+ Kh7 55.Qg6# 1-0

[Event "POL-chT3"]
[Site "Jastrzebia Gora POL"]
[Date "2015.??.??"]
[Round "4.53"]
[White "Koziej, Maciej"]
[Black "Krasiewicz, Robert"]
[Result "1/2-1/2"]
[WhiteElo "1985"]
[BlackElo "2027"]
[EventDate "2015.??.??"]
[WhiteTitle "I++"]
[BlackTitle "k+"]

1.d4 f5 2.c4 Nf6 3.Nc3 d6 4.Bg5 Nbd7 5.Qd2 h6 6.Bxf6 Nxf6 7.g3 e6 8.Bg2 
Be7 9.Nh3 e5 10.e3 c6 11.O-O O-O 12.Rfd1 Qe8 13.b4 g5 14.f4 gxf4 15.gxf4 
e4 16.Kh1 Qh5 17.Nf2 Bd7 18.Rg1 Kh8 19.Qe2 Qh4 20.Bh3 Rg8 21.Rxg8+ Rxg8 
22.Rg1 d5 23.Rxg8+ Kxg8 24.c5 h5 25.Kg1 Ng4 26.Ncd1 Kf7 27.Qb2 Qf6 28.Qa3 
a6 29.Qb2 Bd8 30.Qe2 Qh4 31.Qf1 Bc7 32.Qg2 a5 33.a3 axb4 34.axb4 b6 35.Qg3
Qxg3+ 36.hxg3 bxc5 37.Bxg4 fxg4 38.dxc5 Bd8 39.Nc3 Bf6 40.Nfd1 Bc8 41.Ne2 
Ba1 42.Nd4 Bd7 43.Nb3 Bf6 44.Nd4 Ke7 45.Nc3 Bxd4 46.exd4 Ke6 47.Kf2 Be8 
48.Nd1 Bd7 49.Ne3 Bc8 50.Ng2 Ba6 51.Ke3 Kf6 52.Nh4 1/2-1/2

[Event "POL-chT3"]
[Site "Jastrzebia Gora POL"]
[Date "2015.??.??"]
[Round "4.54"]
[White "Sliwicka, Alicja"]
[Black "Harazinska, Magdalena"]
[Result "1-0"]
[WhiteElo "2003"]
[BlackElo "1819"]
[EventDate "2015.??.??"]
[WhiteTitle "WFM"]
[BlackTitle "I++"]

1.e4 e6 2.d4 d5 3.Nc3 dxe4 4.Nxe4 Nd7 5.g3 Ngf6 6.Nxf6+ Nxf6 7.Bg2 e5 8.d5
Bc5 9.h3 O-O 10.Ne2 Re8 11.O-O e4 12.c4 h6 13.Be3 Bxe3 14.fxe3 Nd7 15.Rf4 
Nf6 16.Nc3 Qd6 17.Qd4 Re5 18.Kh2 Nh5 19.c5 Qe7 20.Rxe4 Rxe4 21.Nxe4 Bf5 
22.g4 Bxe4 23.Qxe4 Qxe4 24.Bxe4 Nf6 25.Bf3 Re8 26.Re1 Re5 27.c6 b6 28.d6 
cxd6 29.Rc1 Ne8 30.c7 Nxc7 31.Rxc7 Rxe3 32.Kg2 f6 33.Rxa7 Rd3 34.b3 d5 35.
Rd7 Rd2+ 36.Kg3 Rxa2 37.Bxd5+ Kh7 38.Rb7 Rd2 39.Be4+ Kg8 40.Rxb6 Rd4 41.
Bf5 Rd1 42.Rb8+ Kf7 43.Rb7+ Kg8 44.b4 Rg1+ 45.Kf4 Rf1+ 46.Ke4 Re1+ 47.Kd5 
Rd1+ 48.Kc5 Rc1+ 49.Kb6 Rh1 50.b5 Rxh3 51.Ka7 Rf3 52.b6 h5 53.Be6+ Kh7 54.
gxh5 f5 55.Rf7 Ra3+ 56.Kb8 Ra6 57.Bxf5+ Kg8 58.Rb7 Ra5 59.Be6+ Kh8 60.Rc7 
g5 61.b7 1-0

[Event "POL-chT3"]
[Site "Jastrzebia Gora POL"]
[Date "2015.??.??"]
[Round "4.55"]
[White "Janik, Igor"]
[Black "Banasik, Krzysztof"]
[Result "0-1"]
[WhiteElo "2387"]
[BlackElo "2220"]
[EventDate "2015.??.??"]
[WhiteTitle "I++"]
[BlackTitle "k"]

1.e4 d6 2.d4 Nf6 3.Nc3 Nbd7 4.g4 Nb6 5.g5 Nfd7 6.a4 a5 7.Be3 e6 8.Qf3 Be7 
9.h4 O-O 10.O-O-O e5 11.d5 Nc5 12.b3 f5 13.gxf6 Rxf6 14.Qe2 Qf8 15.Nh3 c6 
16.Rg1 cxd5 17.exd5 Bf5 18.Ng5 Rc8 19.Kb2 h6 20.Bxc5 dxc5 21.Nge4 c4 22.
Nxf6+ Bxf6 23.Ne4 cxb3 24.Nxf6+ Qxf6 25.Qb5 Bxc2 26.Rc1 e4+ 27.Ka3 Qc3 0-1

[Event "POL-chT3"]
[Site "Jastrzebia Gora POL"]
[Date "2015.??.??"]
[Round "4.56"]
[White "Tustanowski, Robert"]
[Black "Lisowski, Krzysztof"]
[Result "0-1"]
[WhiteElo "2226"]
[BlackElo "2137"]
[EventDate "2015.??.??"]
[WhiteTitle "m"]
[BlackTitle "k"]

1.e4 c6 2.d4 g6 3.Bd3 Bg7 4.c3 d5 5.e5 Nh6 6.Ne2 f6 7.exf6 exf6 8.O-O O-O 
9.Qb3 a5 10.a4 Na6 11.Bf4 Nf7 12.Nd2 Nc7 13.Rfe1 Ne6 14.Bg3 Bh6 15.Rad1 c5
16.Qa2 b6 17.Bb5 Bb7 18.Nc1 Nc7 19.Bf1 Nd6 20.dxc5 bxc5 21.Ncb3 c4 22.Nxc4
Nxc4 23.Bxc4 Re8 24.Rxe8+ Qxe8 25.Bxc7 dxc4 26.Nxa5 Bd5 27.Qb1 Qe6 28.Qc2 
Ra7 29.Bd8 Rd7 30.Nxc4 Bxc4 0-1

[Event "POL-chT3"]
[Site "Jastrzebia Gora POL"]
[Date "2015.??.??"]
[Round "4.57"]
[White "Jedra, Waldemar"]
[Black "Szczesniak, Konrad"]
[Result "1-0"]
[WhiteElo "1986"]
[BlackElo "2156"]
[EventDate "2015.??.??"]
[WhiteTitle "I"]
[BlackTitle "k"]

1.c4 Nf6 2.Nc3 g6 3.g3 Bg7 4.Bg2 O-O 5.d3 d6 6.e4 e5 7.Nge2 Nc6 8.O-O Ne7 
9.h3 c6 10.d4 h6 11.Be3 Kh7 12.Qc2 Qc7 13.Rae1 Nh5 14.Kh2 f5 15.f4 exf4 
16.Nxf4 Nxf4 17.Rxf4 c5 18.Nd5 Nxd5 19.cxd5 Qa5 20.Bd2 Qxa2 21.e5 cxd4 22.
exd6 Bd7 23.Re7 Rac8 24.Qd3 Qa4 25.Rxd4 Qb5 26.Qe3 Rfe8 27.Qxh6+ 1-0

[Event "POL-chT3"]
[Site "Jastrzebia Gora POL"]
[Date "2015.??.??"]
[Round "4.58"]
[White "Siekaniec, Jan"]
[Black "Migala, Andrzej"]
[Result "1/2-1/2"]
[WhiteElo "2096"]
[BlackElo "1984"]
[EventDate "2015.??.??"]
[WhiteTitle "k"]
[BlackTitle "I++"]

1.e4 c5 2.Nf3 d6 3.d4 cxd4 4.Nxd4 Nf6 5.Nc3 a6 6.Be2 e5 7.Nb3 Be7 8.O-O 
O-O 9.f4 b5 10.Bf3 Bb7 11.Qe1 Nbd7 12.Qg3 Qc7 13.a3 Rfe8 14.f5 Nb6 15.Na5 
Nc4 16.Nxb7 Qxb7 17.Bh6 Bf8 18.Bg5 Be7 19.Bh6 Bf8 20.Bg5 Be7 21.Bh6 Bf8 
1/2-1/2

[Event "POL-chT3"]
[Site "Jastrzebia Gora POL"]
[Date "2015.??.??"]
[Round "4.60"]
[White "Kubicka, Anna"]
[Black "Gorecka, Joanna"]
[Result "0-1"]
[WhiteElo "2171"]
[BlackElo "2069"]
[EventDate "2015.??.??"]
[WhiteTitle "m"]
[BlackTitle "WFM"]

1.e4 c5 2.Nf3 e6 3.d4 cxd4 4.Nxd4 Nf6 5.Bd3 Nc6 6.Be3 d5 7.Nxc6 bxc6 8.e5 
Nd7 9.f4 c5 10.c4 Bb7 11.O-O g6 12.Qg4 d4 13.Bf2 Qb6 14.b3 Bg7 15.Nd2 O-O 
16.Bh4 f5 17.exf6 Nxf6 18.Bxf6 Rxf6 19.Rae1 Raf8 20.Ne4 Bxe4 21.Rxe4 e5 
22.fxe5 Rxf1+ 23.Bxf1 Bxe5 24.Rxe5 Rxf1+ 25.Kxf1 Qf6+ 26.Rf5 Qxf5+ 27.Qxf5
gxf5 28.b4 cxb4 29.Ke2 a5 30.Kd3 a4 31.Kxd4 a3 32.c5 b3 33.c6 bxa2 0-1

[Event "POL-chT3"]
[Site "Jastrzebia Gora POL"]
[Date "2015.??.??"]
[Round "4.61"]
[White "Marszalek, Maciej"]
[Black "Krogulski, Grzegorz"]
[Result "1/2-1/2"]
[WhiteElo "2330"]
[BlackElo "2304"]
[EventDate "2015.??.??"]
[WhiteTitle "m"]
[BlackTitle "m"]

1.d4 Nf6 2.Nf3 d5 3.c4 e6 4.g3 c6 5.Qd3 Nbd7 6.Nc3 Bb4 7.a3 dxc4 8.Qxc4 
Bd6 9.Bg5 h6 10.Bf4 Bxf4 11.gxf4 Nd5 12.e3 Qe7 13.Bd3 N7b6 14.Qb3 O-O 15.
Ne4 Bd7 16.Rc1 Be8 17.Bb1 Nc8 18.Qd3 f5 19.Ng3 Nd6 20.Ba2 Rc8 21.Rg1 Rc7 
22.Ne5 Qh4 23.Nf3 Qg4 24.Ne5 Qh4 25.Nf3 Qg4 26.Ne5 Qh4 1/2-1/2

[Event "POL-chT3"]
[Site "Jastrzebia Gora POL"]
[Date "2015.??.??"]
[Round "4.62"]
[White "Sygulski, Boguslaw"]
[Black "Weissbein, Thomas"]
[Result "1-0"]
[WhiteElo "2242"]
[BlackElo "2260"]
[EventDate "2015.??.??"]
[WhiteTitle "IM"]
[BlackTitle "k+"]

1.e4 d6 2.d4 Nf6 3.Nc3 g6 4.f4 Bg7 5.Nf3 O-O 6.Bd3 Na6 7.O-O c5 8.d5 Bg4 
9.Qe2 Nc7 10.a4 e6 11.h3 Bxf3 12.Qxf3 exd5 13.exd5 a6 14.a5 Nb5 15.Bxb5 
axb5 16.Nxb5 Rxa5 17.Rxa5 Qxa5 18.Nxd6 Qa6 19.Ne4 Nxd5 20.c3 c4 21.f5 gxf5
22.Qxf5 Qe6 23.Qxe6 fxe6 24.Nd6 Be5 25.Rxf8+ Kxf8 26.Nxc4 Bc7 27.Bd2 Ke7 
28.Kf2 Kf6 29.Kf3 h5 30.Ke4 Ne7 31.g4 hxg4 32.hxg4 Nc6 33.Bf4 b5 34.Nd2 e5
35.Be3 Ke6 36.Bc5 Nb8 37.g5 Nd7 38.Be3 Nf8 39.c4 bxc4 40.Nxc4 Ng6 41.b4 
Ne7 42.Bd2 Nf5 43.Be1 Bd8 44.g6 Kf6 45.Nxe5 Bc7 46.Bc3 Nd6+ 47.Kd5 Nb5 48.
Bb2 Bxe5 49.Bxe5+ Kxg6 50.Kc5 Na7 51.Bb8 Nc8 52.b5 Kf7 53.Kc6 Ke8 54.Kc7 
Ne7 55.Ba7 Nd5+ 56.Kd6 Ne7 57.Bf2 Nc8+ 58.Kc7 Ne7 59.Bc5 Nd5+ 60.Kc6 Nf6 
61.b6 Nd7 62.b7 Kd8 63.Bd6 Ke8 64.Kc7 1-0

[Event "POL-chT3"]
[Site "Jastrzebia Gora POL"]
[Date "2015.??.??"]
[Round "4.63"]
[White "Szewczyk, Grzegorz"]
[Black "Markiewicz, Jerzy"]
[Result "1/2-1/2"]
[WhiteElo "1989"]
[BlackElo "2251"]
[EventDate "2015.??.??"]
[WhiteTitle "I++"]
[BlackTitle "FM"]

1.d4 Nf6 2.c4 c5 3.d5 d6 4.Nc3 g6 5.e4 Bg7 6.h3 O-O 7.Nf3 e6 8.Bd3 exd5 9.
cxd5 b5 10.Bxb5 Nxe4 11.Nxe4 Qa5+ 12.Nfd2 Qxb5 13.Nxd6 Qa6 14.N2c4 Nd7 15.
O-O Nb6 16.Nxb6 Qxb6 17.Nxc8 Raxc8 18.Rb1 Rfd8 19.Bf4 Qb4 20.Qf3 Qc4 21.b3
Qxd5 22.Qxd5 Rxd5 23.Rbc1 c4 24.bxc4 Rd4 25.Be3 Rdxc4 26.Rxc4 Rxc4 27.Bxa7
Ra4 28.Be3 Rxa2 29.Rb1 Ra1 30.Rxa1 Bxa1 31.g4 f5 32.Kg2 Kf7 33.Bb6 Be5 34.
Bd8 h5 35.f3 hxg4 36.hxg4 fxg4 37.fxg4 Ke6 38.Kf3 Bd6 39.Ke4 Be5 40.Kf3 
Bd6 1/2-1/2

[Event "POL-chT3"]
[Site "Jastrzebia Gora POL"]
[Date "2015.??.??"]
[Round "4.64"]
[White "Zaskalski, Arkadiusz"]
[Black "Olesiak, Marcin"]
[Result "1-0"]
[WhiteElo "2184"]
[BlackElo "1971"]
[EventDate "2015.??.??"]
[WhiteTitle "k"]
[BlackTitle "I+"]

1.c4 e5 2.Nc3 Nc6 3.g3 f5 4.Bg2 Nf6 5.e3 Be7 6.Nge2 O-O 7.O-O Qe8 8.Nd5 
Bd8 9.d3 Ne7 10.e4 d6 11.Nxe7+ Bxe7 12.exf5 c6 13.f4 Bxf5 14.fxe5 Ng4 15.
Nd4 Qg6 16.Nxf5 Rxf5 17.Rxf5 Qxf5 18.Qf3 Qg6 19.exd6 Bxd6 20.d4 Rf8 21.Bf4
h5 22.Rf1 Bxf4 23.gxf4 Qd6 24.Qe4 Nf6 25.Qe5 Rd8 26.Qxd6 Rxd6 27.d5 cxd5 
28.cxd5 Kf8 29.Rd1 Ng4 30.Rc1 Rd8 31.Rc3 Nf6 32.Rd3 Ke7 33.Kf2 Kd6 34.Kg3 
Kc5 35.Kh4 b5 36.Kg5 a5 37.Bf3 Kc4 38.Rd1 b4 39.Be2+ Kc5 40.Bxh5 Rxd5+ 1-0

[Event "POL-chT3"]
[Site "Jastrzebia Gora POL"]
[Date "2015.??.??"]
[Round "4.65"]
[White "Popiol, Michal"]
[Black "Augustyn, Sebastian"]
[Result "1-0"]
[WhiteElo "1931"]
[BlackElo "2109"]
[EventDate "2015.??.??"]
[WhiteTitle "II+"]
[BlackTitle "k"]

1.d4 d6 2.Nf3 Bg4 3.c4 Bxf3 4.exf3 Nf6 5.g3 e6 6.Bg2 Be7 7.O-O c6 8.f4 d5 
9.b3 O-O 10.Bb2 Nbd7 11.Re1 Re8 12.a3 a5 13.Qd3 a4 14.Nd2 g6 15.b4 dxc4 
16.Nxc4 Nd5 17.Ne5 Nxe5 18.fxe5 Qd7 19.f4 Red8 20.Kh1 b6 21.Qc2 Rdc8 22.
Rad1 h5 23.h3 h4 24.Qf2 hxg3 25.Qxg3 Qd8 26.Re2 Bh4 27.Qg4 Kf8 28.Be4 Ke8 
29.Bxg6 fxg6 30.Qxe6+ Ne7 31.d5 Qd7 32.Qxd7+ Kxd7 33.e6+ Kd8 34.d6 Nd5 35.
f5 Ra7 36.f6 Nxf6 37.Bxf6+ Bxf6 38.Rf2 Be7 39.dxe7+ Kc7 40.Rd7+ Kb8 41.Rf8
1-0

[Event "POL-chT3"]
[Site "Jastrzebia Gora POL"]
[Date "2015.??.??"]
[Round "4.66"]
[White "Jalowiec, Halina"]
[Black "Wesolowska, Hanna"]
[Result "1/2-1/2"]
[WhiteElo "1985"]
[BlackElo "1994"]
[EventDate "2015.??.??"]
[WhiteTitle "WFM"]
[BlackTitle "WFM"]

1.e4 e5 2.Nf3 Nf6 3.Nxe5 d6 4.Nf3 Nxe4 5.Qe2 Qe7 6.d3 Nf6 7.Nc3 Qxe2+ 8.
Bxe2 Be7 9.O-O h6 10.h3 Be6 11.Be3 Nd5 12.Nxd5 Bxd5 13.c4 Bxf3 14.Bxf3 c6 
15.d4 O-O 16.Rfe1 Bf6 17.Rad1 Re8 18.b3 Nd7 19.Bf4 Rxe1+ 20.Rxe1 Bxd4 21.
Bxd6 Bc5 22.Bg3 Nf6 23.Kf1 Re8 24.Rxe8+ Nxe8 25.Ke2 Bd6 26.Bxd6 Nxd6 27.
Kd3 Kf8 28.Bg4 Ke7 29.f4 b6 30.Bf3 c5 31.g4 f5 32.Bd5 Kf6 33.Ke3 g5 34.Kf3
fxg4+ 35.hxg4 Nc8 36.Be4 Nd6 37.Bd3 Ke6 38.Ke3 Kf6 39.Kf3 Ke6 40.Ke3 Kf6 
41.Kf3 1/2-1/2

[Event "POL-chT3"]
[Site "Jastrzebia Gora POL"]
[Date "2015.??.??"]
[Round "4.67"]
[White "Szczepkowska-Horowska, Karina"]
[Black "Zielinski, Maciej"]
[Result "1-0"]
[WhiteElo "2395"]
[BlackElo "2125"]
[EventDate "2015.??.??"]
[WhiteTitle "WGM"]
[BlackTitle "I++"]

1.d4 Nf6 2.c4 g6 3.Nc3 Bg7 4.e4 d6 5.f3 O-O 6.Nge2 e5 7.Bg5 h6 8.Be3 c6 9.
Qd2 Kh7 10.O-O-O Qc7 11.Kb1 Be6 12.d5 cxd5 13.cxd5 Bd7 14.g4 b5 15.Nc1 Qb7
16.h4 Ne8 17.N3e2 a5 18.h5 g5 19.Ng3 Bf6 20.Nf5 b4 21.Bd3 Na6 22.Ne2 Bxf5 
23.exf5 Nc5 24.Bc4 Rc8 25.Rc1 Bd8 26.f6 Bxf6 27.Ng3 Ng7 28.Bxc5 dxc5 29.
Qe2 Qb6 30.Qe4+ Kg8 31.Bd3 Rfd8 32.Qh7+ Kf8 33.Bc4 a4 34.Ne4 Ne8 35.Qxh6+ 
Ke7 36.Rhd1 Rd6 37.Qh7 Nc7 38.Nxf6 Rxf6 39.d6+ Rxd6 40.Qxf7+ Kd8 41.Qf6+ 
Kd7 42.Qf5+ 1-0

[Event "POL-chT3"]
[Site "Jastrzebia Gora POL"]
[Date "2015.??.??"]
[Round "4.68"]
[White "Zaleski, Lukasz"]
[Black "Tomaszewski, Kacper"]
[Result "1/2-1/2"]
[WhiteElo "2052"]
[BlackElo "2278"]
[EventDate "2015.??.??"]
[WhiteTitle "k"]
[BlackTitle "k"]

1.e4 c5 2.Nf3 e6 3.d4 cxd4 4.Nxd4 Nc6 5.Nc3 Qc7 6.g3 a6 7.Bg2 d6 8.O-O Bd7
9.a4 Nf6 10.Nxc6 Bxc6 11.a5 Be7 12.Be3 O-O 13.h3 Rac8 14.Bb6 Qb8 15.Bd4 
Rfd8 16.Re1 Nd7 17.Na4 e5 18.Be3 Re8 19.h4 Rcd8 20.Nb6 Nf6 21.Bg5 Nd7 22.
Be3 Nf6 23.Bg5 Nd7 24.Be3 Nf6 25.Bg5 Nd7 1/2-1/2

[Event "POL-chT3"]
[Site "Jastrzebia Gora POL"]
[Date "2015.??.??"]
[Round "4.69"]
[White "Matuszczyk, Przemyslaw"]
[Black "Bugalski, Michal"]
[Result "0-1"]
[WhiteElo "2086"]
[BlackElo "2162"]
[EventDate "2015.??.??"]
[WhiteTitle "I++"]
[BlackTitle "k"]

1.e4 e6 2.d4 d5 3.Nd2 Nf6 4.e5 Nfd7 5.Bd3 c5 6.c3 Nc6 7.Ne2 cxd4 8.cxd4 f6
9.exf6 Nxf6 10.Nf3 Bd6 11.O-O O-O 12.Bf4 Ng4 13.Bxd6 Qxd6 14.h3 Rxf3 15.
hxg4 Rf7 16.f4 Bd7 17.a3 Raf8 18.Qd2 e5 19.fxe5 Nxe5 20.Rxf7 Nxf7 21.g5 g6
22.Rf1 Qe7 23.Nf4 Qxg5 24.Qa5 Bc6 25.Qc5 Re8 26.b4 Qg3 27.b5 Re1 28.Nxd5 
Bxd5 29.Qxd5 Rxf1+ 30.Bxf1 Qxa3 31.Bc4 Qc1+ 32.Kh2 Qf4+ 33.Kg1 Kg7 34.Bb3 
Nd6 35.Kh1 Kh6 36.Qc5 Ne4 37.Qe7 Ng3+ 0-1

[Event "POL-chT3"]
[Site "Jastrzebia Gora POL"]
[Date "2015.??.??"]
[Round "4.70"]
[White "Zielinski, Wojciech"]
[Black "Smolka, Marcin"]
[Result "1/2-1/2"]
[WhiteElo "2187"]
[BlackElo "2070"]
[EventDate "2015.??.??"]
[WhiteTitle "I++"]
[BlackTitle "k"]

1.b3 e5 2.Bb2 Nc6 3.e3 Nf6 4.Nf3 e4 5.Nd4 Bc5 6.Nxc6 dxc6 7.d4 Bd6 8.Be2 
O-O 9.c4 c5 10.dxc5 Bxc5 11.O-O Qe7 12.Nc3 c6 13.Qc2 Bf5 14.Rad1 Bd6 15.
Rd2 Rad8 16.Rfd1 Ng4 17.g3 h5 18.c5 Bxc5 19.Rxd8 Rxd8 20.Rxd8+ Qxd8 21.
Nxe4 Bxe4 22.Qxe4 Qd2 23.Bxg4 hxg4 24.Qe5 Qd1+ 25.Kg2 Qf3+ 26.Kg1 Qd1+ 27.
Kg2 Qf3+ 28.Kg1 Qd1+ 29.Kg2 Qf3+ 30.Kg1 Qd1+ 1/2-1/2